[Event "Heading Towards Summer"]
[Site "SchemingMind.com"]
[Date "2023.06.09"]
[Round "-"]
[White "Mitch The Man"]
[Black "ray winteringham"]
[Result "1/2-1/2"]
[WhiteCountry "USA"]
[BlackCountry "ENG"]
[WhiteElo "1246"]
[WhiteRD "73"]
[BlackElo "1434"]
[BlackRD "48"]
[GameID "734731"]

1. d4 d5 2. e3 Bf5 3. Bb5+ c6 4. Bd3 Bd7 5. b3 e6 6. Ne2 Nf6 7. O-O Bd6 8. Ng3 b5 9. c3 a5 10. a4 Na6
11. Qe2 O-O 12. Nh5 Nxh5 13. Qxh5 g6 14. Qe2 Nc7 15. Bb2 Qh4 16. g3 Qe7 17. Qf3 Rfb8 18. Ra2 bxa4 19. bxa4 c5 20. Kg2 Qe8
21. dxc5 Bxc5 22. Bc2 f5 23. Qd1 Qf7 24. Ba3 Bb6 25. Rb2 Na6 26. Bd6 Bc7 27. Rxb8+ Rxb8 28. Bxc7 Nxc7 29. Qd4 Qe7 30. Qa7 Rb2
31. Qxc7 Rxc2 32. Qb8+ Kg7 33. Qb3 Re2 34. Rd1 Bc6 35. Qb8 Bxa4 36. Qe5+ Qf6 37. Qxf6+ Kxf6 38. Rd4 Bc2 39. Na3 Be4+ 40. Kf1 Ra2
41. Nb5 Bf3 42. Ke1 Be2 43. Nd6 Ba6 44. Ne8+ Kf7 45. Nc7 Bc4 46. Rd2 a4 47. Rxa2 Bxa2 48. Nb5 Bb3 49. Na3 Kf6 50. Kd2 Ke5
51. f3 Kd6 52. f4 e5 53. h4 e4 54. Kc1 Ke6 55. Kb2 Bc4 56. Nxc4 dxc4 57. Ka3 Kd5 58. Kxa4 Kc5 59. Ka5 h6 60. Ka4 h5
61. Ka5 Kc6 62. Kb4 Kd5 63. Kb5 Kd6 64. Kxc4 Kc6 65. Kd4 Kb5 66. c4+ Kc6 67. c5 Kc7 68. Kd5 Kd7 69. c6+ Kc7 70. Kc5 Kc8
71. Kd6 Kd8 72. Kc5 Kc7 73. Kd5 Kc8 74. Kd6=
1/2-1/2

[Event "Heading Towards Summer"]
[Site "SchemingMind.com"]
[Date "2023.06.09"]
[Round "-"]
[White "ray winteringham"]
[Black "Mitch The Man"]
[Result "1-0"]
[WhiteCountry "ENG"]
[BlackCountry "USA"]
[WhiteElo "1459"]
[WhiteRD "50"]
[BlackElo "1270"]
[BlackRD "74"]
[GameID "734732"]

1. g3 e5 2. e4 Bc5 3. Bg2 Qf6 4. Nf3 Ne7 5. O-O O-O 6. d3 Ng6 7. Nc3 c6 8. Bd2 h6 9. a3 Bb6 10. Be3 Bxe3
11. fxe3 b5 12. Nh4 Qe6 13. Nf3 Qe7 14. d4 Ba6 15. Re1 f6 16. b4 d6 17. Ne2 Bc8 18. c3 Bg4 19. Qd2 Bxf3 20. Bxf3 Kh7
21. Rf1 a5 22. Kg2 a4 23. Bg4 Na6 24. Bf3 Rad8 25. Qc2 Qe6 26. Bh5 Nh8 27. h3 g6 28. Bf3 Nf7 29. Bg4 Qe7 30. Rf2 h5
31. Bf3 Ng5 32. Rd1 Nxf3 33. Rxf3 Qe6 34. Rdf1 Nc7 35. Ng1 Ne8 36. h4 d5 37. exd5 cxd5 38. Nh3 e4 39. Rxf6 Qc8 40. Rxf8 Rd7
41. Qf2 Rg7 42. Rf7 Qg4 43. Rxg7+ Nxg7 44. Qf8 Qe2+ 45. Rf2
1-0

[Event "Heading Towards Summer"]
[Site "SchemingMind.com"]
[Date "2023.07.04"]
[Round "-"]
[White "Mitch The Man"]
[Black "Chessibelle"]
[Result "1-0"]
[WhiteCountry "USA"]
[BlackCountry "ENG"]
[WhiteElo "1246"]
[WhiteRD "73"]
[BlackElo "1142"]
[BlackRD "58"]
[GameID "735383"]

1. d4 d5 2. e3 Bd7 3. Be2 e6 4. Bf3 Nf6 5. Ne2 Be7 6. O-O O-O 7. a3 g6 8. Nbc3 a6 9. b4 b5 10. Bb2 Bc6
11. Qd2 Bb7 12. Kh1 c6 13. Ng3 Bd6 14. Nb1 Qe7 15. c3 h5 16. h4 Nh7 17. Kg1 Qxh4 18. e4 Bxg3 19. fxg3 Qxg3 20. Qf2 Qg5
21. Bc1 Qf6 22. Bh6 Re8 23. Be3 Nd7 24. e5 Qe7 25. Nd2 f6 26. Bf4 Qf7 27. Bh2 Qg7 28. exf6 Nhxf6 29. Bd6 Qh7 30. Bg3 Bc8
31. Nb3 Nf8 32. Nc5 g5 33. Be2 N6d7 34. Bd3 Qh6 35. Bd6 Nh7 36. Bxh7+ Qxh7 37. Nxd7 Bxd7 38. Qf6 Qg7 39. Qxg7+ Kxg7 40. Be5+ Kh7
41. Rf7+ Kg6 42. Rf6+ Kh7 43. Rf7+ Kg6 44. Rxd7 Rf8 45. Bd6 Rh8 46. Be5 Rh6 47. Rc7 Kf5 48. Rxc6 g4 49. Rf1+ Kg5 50. Bf4+ Kg6
51. Bxh6 Kxh6 52. Rxe6+ Kg5 53. Re5+ Kh6 54. Rff5
1-0

[Event "Heading Towards Summer"]
[Site "SchemingMind.com"]
[Date "2023.07.04"]
[Round "-"]
[White "Chessibelle"]
[Black "Mitch The Man"]
[Result "1-0"]
[WhiteCountry "ENG"]
[BlackCountry "USA"]
[WhiteElo "1142"]
[WhiteRD "58"]
[BlackElo "1246"]
[BlackRD "73"]
[GameID "735384"]

1. Nf3 e6 2. Nc3 c6 3. d4 Be7 4. e3 Bf6 5. g3 Ne7 6. Be2 O-O 7. O-O b5 8. b4 Ba6 9. a3 Nd5 10. Bb2 Nxc3
11. Bxc3 d6 12. Qd3 Nd7 13. h4 Qc8 14. Bb2 Nb8 15. Rab1 Qb7 16. c3 Nd7 17. Bd1 g6 18. Nh2 Bg7 19. f4 Nf6 20. e4 h5
21. Bf3 Qb6 22. Bg2 e5 23. f5 Rae8 24. Qf3 d5 25. Qe3 Kh7 26. Bf3 exd4 27. cxd4 Bh6 28. Qf2 dxe4 29. Bd1 e3 30. Qe2 Ne4
31. Re1 Qc7 32. Nf1 Nxg3 33. Qc2 Nxf5 34. Re2 Nxh4 35. Qc3 Nf3+ 36. Kg2 Nh4+ 37. Kh1 Qg3 38. Nxg3 Bc8 39. Bc2 Bg4 40. Ree1 Nf3
41. Re2 Nxd4 42. Qxd4 Bxe2 43. Nxe2 Rg8 44. Qf6 Bg7 45. Qxf7
1-0

[Event "Heading Towards Summer"]
[Site "SchemingMind.com"]
[Date "2023.07.04"]
[Round "-"]
[White "ray winteringham"]
[Black "Chessibelle"]
[Result "1-0"]
[WhiteCountry "ENG"]
[BlackCountry "ENG"]
[WhiteElo "1434"]
[WhiteRD "48"]
[BlackElo "1142"]
[BlackRD "58"]
[GameID "735385"]

1. e4 e5 2. Bc4 Nf6 3. d3 h6 4. Ne2 Be7 5. O-O O-O 6. Bd2 d6 7. Bc3 a6 8. Nd2 b5 9. Bb3 c5 10. Nf3 Nh7
11. a3 Kh8 12. Bd5 Ra7 13. b4 f6 14. Qd2 Qd7 15. Nh4 Rg8 16. Ng6#
1-0

[Event "Heading Towards Summer"]
[Site "SchemingMind.com"]
[Date "2023.07.04"]
[Round "-"]
[White "Chessibelle"]
[Black "ray winteringham"]
[Result "0-1"]
[WhiteCountry "ENG"]
[BlackCountry "ENG"]
[WhiteElo "1142"]
[WhiteRD "58"]
[BlackElo "1434"]
[BlackRD "48"]
[GameID "735386"]

1. Nf3 Nc6 2. d4 d5 3. e3 Bf5 4. a3 e6 5. g3 Bd6 6. Be2 Bh3 7. b3 Nf6 8. Nc3 a6 9. Qd3 Ng4 10. Bd2 Bg2
11. Rg1 Bxf3 12. Bxf3 Nf6 13. O-O-O Bxa3+ 14. Kb1 b5 15. e4 Nb4 16. Qe3 Qe7 17. Na2 Nxa2 18. Kxa2 Bb4 19. c3 Ba5 20. b4 Bb6
21. Rge1 a5 22. Kb2 axb4 23. cxb4 O-O 24. exd5 Nd7 25. Be4 Qf6 26. Bc3 Ne5 27. Qe2 Nc4+ 28. Kb3 Ra3+ 29. Kc2 Ra2+ 30. Bb2 Rxb2+
31. Kd3 Qxd4#
0-1

[Event "Heading Towards Summer"]
[Site "SchemingMind.com"]
[Date "2023.07.25"]
[Round "-"]
[White "Mitch The Man"]
[Black "wight knight"]
[Result "1-0"]
[WhiteCountry "USA"]
[BlackCountry "ENG"]
[WhiteElo "1239"]
[WhiteRD "67"]
[BlackElo "1203"]
[BlackRD "60"]
[GameID "735991"]

1. d4 e6 2. e3 b6 3. Be2 Ba6 4. Bf3 c6 5. Ne2 Bxe2 6. Qxe2 Bb4+ 7. c3 Be7 8. O-O a5 9. a3 Qc7 10. Nd2 Bd6
11. g3 Nf6 12. Bg2 h5 13. h4 g5 14. hxg5 Ng4 15. Ne4 f5 16. Nxd6+ Qxd6 17. Bh3 h4 18. Kg2 hxg3 19. f3 Nh2 20. Rg1 Na6
21. f4 Qd5+ 22. Kxg3 Nf3 23. Qxf3 Qxf3+ 24. Kxf3 Rxh3+ 25. Rg3 Rxg3+ 26. Kxg3 O-O-O 27. Bd2 Rg8 28. Rh1 a4 29. Rh6 Nc7 30. Kg2 c5
31. Be1 Nd5 32. Kf3 b5 33. Bh4 b4 34. dxc5 bxc3 35. bxc3 Nxc3 36. Be1 Nb1 37. Bb4 Kb7 38. Rh7 Kc6 39. Rh1 Kb5 40. Rxb1 Kc4
41. Kg3 Kd3 42. Rd1+ Kxe3 43. Rxd7 Rh8 44. c6 Rh1 45. Bc5+ Ke2 46. c7 Rg1+ 47. Bxg1 Kf1 48. Bh2 e5 49. c8=Q exf4+ 50. Kxf4 Kg2
51. Qc2+ Kh3 52. Rh7#
1-0

[Event "Heading Towards Summer"]
[Site "SchemingMind.com"]
[Date "2023.07.25"]
[Round "-"]
[White "wight knight"]
[Black "Mitch The Man"]
[Result "1/2-1/2"]
[WhiteCountry "ENG"]
[BlackCountry "USA"]
[WhiteElo "1203"]
[WhiteRD "60"]
[BlackElo "1239"]
[BlackRD "67"]
[GameID "735992"]

1. e4 e5 2. Bc4 Qf6 3. Qf3 Qxf3 4. Nxf3 d6 5. Nc3 Be7 6. Nd5 Bd8 7. d4 c6 8. Nc3 exd4 9. Nxd4 Nf6 10. f3 O-O
11. Bg5 b5 12. Bd3 a6 13. Bxf6 Bxf6 14. Nf5 Bxc3+ 15. bxc3 Bxf5 16. exf5 Re8+ 17. Kf2 f6 18. Rhe1 Rxe1 19. Rxe1 Kf7 20. c4 Ra7
21. cxb5 axb5 22. Re6 Rd7 23. c4 h5 24. cxb5 g6 25. Re1 g5 26. a4 cxb5 27. axb5 Kg7 28. g4 Ra7 29. b6 Ra2+ 30. Re2 Ra3
31. Be4 Rb3 32. b7 h4 33. Rd2 Rb6 34. h3 Kf8 35. Rc2 Kg7 36. Rc8 Na6 37. Rc7+ Nxc7 38. Ke3 d5 39. Bxd5 Nxd5+ 40. Kd4 Ne7
41. Kc5 Rxb7 42. Kd6 Kf7 43. Kc5 Rb3 44. Kd4 Rxf3 45. Ke4 Rxh3 46. Kd4 Rg3 47. Ke4 Rxg4+ 48. Kf3 Rg3+ 49. Kf2 Nxf5 50. Kf1 h3
51. Kf2 Rg2+ 52. Kf1 Ne3+ 53. Ke1 h2
1/2-1/2

[Event "Heading Towards Summer"]
[Site "SchemingMind.com"]
[Date "2023.07.25"]
[Round "-"]
[White "ray winteringham"]
[Black "wight knight"]
[Result "1-0"]
[WhiteCountry "ENG"]
[BlackCountry "ENG"]
[WhiteElo "1431"]
[WhiteRD "46"]
[BlackElo "1203"]
[BlackRD "60"]
[GameID "735993"]

1. c4 e5 2. a3 Bc5 3. b4 Bd4 4. Nc3 Bxc3 5. dxc3 b6 6. Qd5 c6 7. Qxe5+ Ne7 8. Nf3 f6 9. Qg3 Nf5 10. Qg4 d5
11. cxd5 Qxd5 12. Nd4 c5 13. e4 h5 14. Qg6+ Qf7 15. Qxf7+ Kxf7 16. exf5 cxd4 17. cxd4 Bxf5 18. Bc4+ Be6 19. d5 Bf5 20. O-O Nd7
21. Be3 Ne5 22. Bb3 h4 23. h3 Bd3 24. Rfe1 Bc4 25. Ba2 Bxa2 26. Rxa2 Nc4 27. Bc1 Rae8 28. Rd1 a5 29. bxa5 Nxa5 30. d6 Rd8
31. Rc2 Nb7 32. Rc7+ Kg6 33. Rxb7 Rc8 34. Rxb6 Rhd8 35. Ra6 Rc5 36. Be3 Kf7 37. Bxc5 Kg6 38. d7 Kf7 39. Rb6
1-0

[Event "Heading Towards Summer"]
[Site "SchemingMind.com"]
[Date "2023.07.25"]
[Round "-"]
[White "wight knight"]
[Black "ray winteringham"]
[Result "0-1"]
[WhiteCountry "ENG"]
[BlackCountry "ENG"]
[WhiteElo "1203"]
[WhiteRD "60"]
[BlackElo "1431"]
[BlackRD "46"]
[GameID "735994"]

1. e4 e5 2. Bc4 Nf6 3. f3 Be7 4. b3 O-O 5. Ba3 d6 6. Nc3 a6 7. Nd5 Be6 8. Nxe7+ Qxe7 9. Bxe6 Qxe6 10. Nh3 h6
11. g4 Nc6 12. c3 Ne7 13. O-O c5 14. b4 b6 15. Qb3 Qxb3 16. axb3 d5 17. bxc5 bxc5 18. Bxc5 Rfe8 19. g5 hxg5 20. Bxe7 Rxe7
21. Nxg5 dxe4 22. fxe4 Rd7 23. Rfd1 Rad8 24. Rxa6 Nh5 25. Nf3 f6 26. d4 Nf4 27. Rda1 Ne2+ 28. Kf2 Nxc3 29. Ra8 Nxe4+ 30. Ke3 Nd6
31. Rxd8+ Rxd8 32. dxe5 fxe5 33. Nxe5 Re8 34. Kf4 Nb5 35. h4 Nd4 36. h5 Nxb3 37. Rh1 Nd4 38. h6 Ne2+ 39. Kf3 Rxe5 40. Rh2 Nd4+
41. Kf4 Re6 42. Kg5 Nf3+ 43. Kf5 Rf6+
0-1

[Event "Heading Towards Summer"]
[Site "SchemingMind.com"]
[Date "2023.07.25"]
[Round "-"]
[White "Chessibelle"]
[Black "wight knight"]
[Result "0-1"]
[WhiteCountry "ENG"]
[BlackCountry "ENG"]
[WhiteElo "1106"]
[WhiteRD "57"]
[BlackElo "1203"]
[BlackRD "60"]
[GameID "735995"]

1. Nf3 f6 2. d4 g6 3. g3 Bh6 4. e3 b6 5. Bg2 Bb7 6. Nc3 Bxf3 7. Qxf3 c6 8. O-O b5 9. b4 Na6 10. Bb2 Nxb4
11. Qe2 d5 12. f4 a5 13. a3 Na6 14. Rad1 b4 15. Nb1 bxa3 16. Bxa3 f5 17. c4 Nf6 18. h3 Ne4 19. Qf3 Nb4 20. g4 fxg4
21. Qxg4 Qd7 22. Qh4 Bg7 23. Rfe1 Nc2 24. Rf1 Nxe3 25. cxd5 Nxd1 26. Bxe4 Bxd4+ 27. Kg2 Ne3+ 28. Kg1 Nf5+ 29. Qf2 Bxf2+
0-1

[Event "Heading Towards Summer"]
[Site "SchemingMind.com"]
[Date "2023.07.25"]
[Round "-"]
[White "wight knight"]
[Black "Chessibelle"]
[Result "1-0"]
[WhiteCountry "ENG"]
[BlackCountry "ENG"]
[WhiteElo "1203"]
[WhiteRD "60"]
[BlackElo "1106"]
[BlackRD "57"]
[GameID "735996"]

1. e4 e5 2. b3 d6 3. Bc4 Qd7 4. Qf3 Nf6 5. Nh3 h6 6. Qf5 Qd8 7. Qf3 Bg4 8. Qd3 Be7 9. f3 Bh5 10. g4 Bg6
11. g5 Nh5 12. gxh6 gxh6 13. f4 Nxf4 14. Nxf4 Bh4+ 15. Ke2 Nd7 16. Nxg6 fxg6 17. Qf3 Bf6 18. Ba3 c5 19. b4 b6 20. Bb5 O-O
21. bxc5 bxc5 22. Bxd7 Qxd7 23. Nc3 Qb7 24. Nd5 Bg7 25. Qb3 Qd7 26. Nb6+ Rf7 27. Nxd7
1-0

[Event "Heading Towards Summer"]
[Site "SchemingMind.com"]
[Date "2023.07.28"]
[Round "-"]
[White "Mitch The Man"]
[Black "Arthur Wilding"]
[Result "1-0"]
[WhiteCountry "USA"]
[BlackCountry "WLS"]
[WhiteElo "1239"]
[WhiteRD "67"]
[BlackElo "1152"]
[BlackRD "61"]
[GameID "736061"]

1. d4 d5 2. e3 Nc6 3. Be2 Nf6 4. Bf3 Bg4 5. Bxg4 e6 6. Ne2 Bb4+ 7. c3 Bd6 8. Bh3 O-O 9. O-O b6 10. Nd2 a5
11. a4 Qd7 12. b3 Kh8 13. Bb2 Ne7 14. Nb1 Rac8 15. Ba3 Bxa3 16. Nxa3 c5 17. Nb5 Ra8 18. Ng3 Rfe8 19. Qf3 cxd4 20. cxd4 Rac8
21. Ra2 Rc6 22. Ne2 Nc8 23. g3 Ne4 24. Rb2 Ncd6 25. Nxd6 Nxd6 26. Qg2 Rec8 27. Ra2 Rc2 28. Rxc2 Rxc2 29. Re1 Rb2 30. Nc1 b5
31. Qf1 Ne4 32. Qxb5 Qd8 33. Nd3 Ng5 34. Bg2 h6 35. Nxb2 Qc7 36. h4 Ne4 37. Bxe4 dxe4 38. Nc4
1-0

[Event "Heading Towards Summer"]
[Site "SchemingMind.com"]
[Date "2023.07.27"]
[Round "-"]
[White "Arthur Wilding"]
[Black "Mitch The Man"]
[Result "0-1"]
[WhiteCountry "WLS"]
[BlackCountry "USA"]
[WhiteElo "1152"]
[WhiteRD "61"]
[BlackElo "1239"]
[BlackRD "67"]
[GameID "736062"]

1. d4 d5 2. e3 e6 3. Nf3 Bd6 4. Bb5+ c6 5. Bd3 Nf6 6. Nc3 O-O 7. O-O Nbd7 8. Bd2 h6 9. b3 b6 10. a4 a6
11. Qe2 Nb8 12. h3 Bb7 13. e4 Re8 14. exd5 exd5 15. Qd1 Qd7 16. Kh1 Re7 17. Ne2 a5 18. Nh4 Re8 19. Nf3 Ne4 20. Re1 Nxf2+
0-1

[Event "Heading Towards Summer"]
[Site "SchemingMind.com"]
[Date "2023.07.27"]
[Round "-"]
[White "Arthur Wilding"]
[Black "ray winteringham"]
[Result "0-1"]
[WhiteCountry "WLS"]
[BlackCountry "ENG"]
[WhiteElo "1206"]
[WhiteRD "67"]
[BlackElo "1434"]
[BlackRD "48"]
[GameID "736063"]

1. d4 d5 2. Nf3 h6 3. e3 e6 4. Nc3 Bb4 5. Bd2 Nf6 6. Bb5+ c6 7. Bd3 b5 8. O-O Bb7 9. Re1 Nbd7 10. a3 Bd6
11. Kh1 O-O 12. b3 Re8 13. Ne2 Qc7 14. Kg1 Ng4 15. c3 Nxh2 16. Nxh2 Bxh2+ 17. Kf1 Bd6 18. e4 dxe4 19. Bc2 c5 20. dxc5 Bxc5
21. a4 a6 22. Kg1 Qb6 23. Be3 Bxe3 24. fxe3 Qxe3+ 25. Kf1 Qg5 26. Kg1 e3 27. Bh7+ Kxh7 28. Qd3+ Be4 29. Qxe4+ f5 30. Qd3 Ne5
31. Qxf5+ Qxf5 32. Rf1 Qg4
0-1

[Event "Heading Towards Summer"]
[Site "SchemingMind.com"]
[Date "2023.07.27"]
[Round "-"]
[White "ray winteringham"]
[Black "Arthur Wilding"]
[Result "1-0"]
[WhiteCountry "ENG"]
[BlackCountry "WLS"]
[WhiteElo "1434"]
[WhiteRD "48"]
[BlackElo "1206"]
[BlackRD "67"]
[GameID "736064"]

1. e4 e6 2. d4 d5 3. e5 Nc6 4. a3 b6 5. Nf3 Nce7 6. Bb5+ Bd7 7. Qe2 a6 8. Bxd7+ Qxd7 9. O-O Qb5 10. Nc3 Qd7
11. Bf4 Ng6 12. Bg3 N6e7 13. b4 b5 14. a4 Nc8 15. axb5 Bxb4 16. Qd3 Bxc3 17. Qxc3 Nce7 18. Rxa6 Rxa6 19. bxa6 Nc6 20. Qc5 Nge7
21. Ra1 Qc8 22. a7 Qb7 23. a8=Q+
1-0

[Event "Heading Towards Summer"]
[Site "SchemingMind.com"]
[Date "2023.07.27"]
[Round "-"]
[White "Arthur Wilding"]
[Black "Chessibelle"]
[Result "1-0"]
[WhiteCountry "WLS"]
[BlackCountry "ENG"]
[WhiteElo "1152"]
[WhiteRD "61"]
[BlackElo "1106"]
[BlackRD "57"]
[GameID "736065"]

1. d4 d5 2. e3 Nf6 3. Nf3 g6 4. Nc3 e6 5. Bb5+ c6 6. Bd3 Be7 7. Bd2 O-O 8. O-O a6 9. Re1 b5 10. Ne5 Bd6
11. f4 Bb7 12. Ne2 h5 13. b3 Nh7 14. e4 f6 15. Ng3 Bc8 16. Nf3 Nd7 17. exd5 cxd5 18. Ne2 Rb8 19. a4 f5 20. axb5 Ra8
21. bxa6 Ra7 22. Bc3 Be7 23. Qd2 Bf6 24. b4 g5 25. Qd1 Qc7 26. Bb5 Bg7 27. Bxd7 Bxd7 28. Nc1 Qxc3 29. Ra2 Qxb4 30. fxg5 Rd8
31. Nb3 Qd6 32. Nc5 Bc6 33. c3 Qc7 34. Nxe6 Qd7 35. Nxd8 Qxd8 36. Qe2 Ra8 37. Qe6+ Kh8 38. Qxc6 Qb8 39. Kf2 Qd8 40. Re6 Nxg5
41. Nxg5 Qf8 42. Qd7 f4 43. a7 Qf5 44. Nf7+ Kh7 45. h4 Qg4 46. Ng5+ Kh8 47. Re8+ Rxe8 48. Qxe8+
1-0

[Event "Heading Towards Summer"]
[Site "SchemingMind.com"]
[Date "2023.07.28"]
[Round "-"]
[White "Chessibelle"]
[Black "Arthur Wilding"]
[Result "0-1"]
[WhiteCountry "ENG"]
[BlackCountry "WLS"]
[WhiteElo "1106"]
[WhiteRD "57"]
[BlackElo "1152"]
[BlackRD "61"]
[GameID "736066"]

1. Nf3 Nc6 2. d4 f6 3. g3 d5 4. e3 Bg4 5. Be2 e6 6. O-O Bxf3 7. Bxf3 Nge7 8. Nc3 Ng6 9. Bh5 Ne7 10. Nb5 a6
11. Nc3 b6 12. f4 Qd7 13. a3 Nc6 14. Qf3 O-O-O 15. Bg4 Nce7 16. Qg2 Kb8 17. Qe2 h5 18. Bh3 f5 19. Qxa6 Qc8 20. Qb5 Qb7
21. Bg2 Nc8 22. b4 Nge7 23. Qa4 c6 24. Qb3 Nd6 25. Na2 Ng6 26. Qd3 Be7 27. c3 Nb5 28. c4 dxc4 29. Qxc4 Nd6 30. Qxe6 Nf8
31. Qb3 Bf6 32. Rb1 Qd7 33. Rd1 Ne6 34. Bd2 Nc7 35. Bf1 Ne4 36. Be1 h4 37. a4 hxg3 38. h3 Bh4 39. Kg2 Nd5 40. b5 cxb5
41. Bxb5 Qc8 42. Rdc1 Qe6 43. Ba6 Ka8 44. a5 Nxe3+ 45. Qxe3 Qxa2+ 46. Be2 bxa5 47. Qd3 Rd6 48. Kf3 Qd5 49. Qa6+ Rxa6 50. Bxa6 Nc3+
51. Ke3 Nxb1
0-1

[Event "Heading Towards Summer"]
[Site "SchemingMind.com"]
[Date "2023.07.27"]
[Round "-"]
[White "Arthur Wilding"]
[Black "wight knight"]
[Result "0-1"]
[WhiteCountry "WLS"]
[BlackCountry "ENG"]
[WhiteElo "1152"]
[WhiteRD "61"]
[BlackElo "1203"]
[BlackRD "60"]
[GameID "736067"]

1. c4 e5 2. e3 b6 3. d4 Ba6 4. Nf3 d5 5. dxe5 dxc4 6. Qxd8+ Kxd8 7. Nc3 c6 8. Nd2 Bb4 9. Be2 Bxc3 10. bxc3 Nd7
11. Bf3 Kc8 12. Bxc6 Rb8 13. Bxd7+ Kxd7 14. O-O Nh6 15. f4 b5 16. h3 Nf5 17. Bb2 Nxe3 18. Rf3 Nf5 19. Re1 Bb7 20. Ne4 Bxe4
21. Rd1+ Kc6 22. Rf2 Rhd8 23. Re1 Bd5 24. Kh2 b4 25. Rf3 Bxf3 26. e6 Bd5 27. exf7 Bxf7 28. g4 Rd2+ 29. Kg1 Rxb2 30. gxf5 Re8
31. Rxe8 Bxe8 32. cxb4 c3
0-1

[Event "Heading Towards Summer"]
[Site "SchemingMind.com"]
[Date "2023.07.28"]
[Round "-"]
[White "wight knight"]
[Black "Arthur Wilding"]
[Result "1-0"]
[WhiteCountry "ENG"]
[BlackCountry "WLS"]
[WhiteElo "1203"]
[WhiteRD "60"]
[BlackElo "1152"]
[BlackRD "61"]
[GameID "736068"]

1. e4 e6 2. b3 d5 3. Ba3 Bxa3 4. Nxa3 Ne7 5. Bb5+ Bd7 6. Bxd7+ Qxd7 7. Nh3 dxe4 8. f3 Nbc6 9. fxe4 O-O-O 10. Ng5 Rdf8
11. c3 h6 12. Nf3 Ng6 13. b4 b6 14. Qa4 Kb7 15. g3 a5 16. b5 Nge5 17. bxc6+ Nxc6 18. O-O Rd8 19. Rfd1 g5 20. d4 Ne5
21. Qxd7 Rxd7 22. Nxe5 Re7 23. c4 Rc8 24. d5 exd5 25. Rxd5 Ka6 26. h4 c6 27. Nxc6 Rxe4 28. Nd4 Rce8 29. hxg5 Rg4 30. Kg2 hxg5
31. Nf3 Re2+ 32. Kf1 Re6 33. Nb5 Rxg3 34. Nc7+ Kb7 35. Nxe6 fxe6 36. Rd3 g4 37. Ne1 Rxd3 38. Nxd3 Ka6 39. Re1 b5 40. cxb5+ Kxb5
41. Rxe6 a4 42. a3 Kc4 43. Nb2+ Kc3 44. Nxa4+ Kb3 45. Nc5+ Kxa3 46. Rb6 g3 47. Kg2 Ka2 48. Kxg3 Ka3 49. Kf3 Ka2 50. Ke3 Ka3
51. Kd3 Ka2 52. Kc3 Ka1 53. Kc2 Ka2 54. Ra6#
1-0

[Event "Heading Towards Summer"]
[Site "SchemingMind.com"]
[Date "2023.08.04"]
[Round "-"]
[White "Hisjazzrabbit"]
[Black "Mitch The Man"]
[Result "1-0"]
[WhiteCountry "FRA"]
[BlackCountry "USA"]
[WhiteElo "1487"]
[WhiteRD "105"]
[BlackElo "1243"]
[BlackRD "65"]
[GameID "736105"]

1. e4 e6 2. d4 Be7 3. Bd3 Nc6 4. Nf3 Nh6 5. Nc3 O-O 6. Bxh6 gxh6 7. O-O Bf6 8. e5 Bg7 9. a3 Ne7 10. Ne4 b6
11. Nc3 Bb7 12. Nb1 a6 13. Nc3 Bxf3 14. Qxf3 c6 15. Qe4 Ng6 16. Qe3 b5 17. b4 d5 18. Ne2 Qe7 19. c3 f6 20. f4 f5
21. g3 Nh8 22. Nc1 Qf7 23. Nb3 Rfe8 24. Na5 Qc7 25. h4 h5 26. Be2 Re7 27. Bxh5 Rf8 28. Nb3 Bh6 29. Nc5 Rg7 30. Nxe6
1-0

[Event "Heading Towards Summer"]
[Site "SchemingMind.com"]
[Date "2023.08.04"]
[Round "-"]
[White "Hisjazzrabbit"]
[Black "Arthur Wilding"]
[Result "1/2-1/2"]
[WhiteCountry "FRA"]
[BlackCountry "WLS"]
[WhiteElo "1372"]
[WhiteRD "104"]
[BlackElo "1142"]
[BlackRD "63"]
[GameID "736106"]

1. e4 e6 2. d4 d5 3. e5 Bb4+ 4. Nc3 Ne7 5. a3 Bxc3+ 6. bxc3 O-O 7. Bd3 Nbc6 8. Bg5 b6 9. Bb5 Bd7 10. Nf3 a6
11. Bxc6 Bxc6 12. O-O h6 13. Bxe7 Qxe7 14. Re1 Kh8 15. Kh1 a5 16. Qd3 Qd7 17. Rab1 a4 18. Ng1 Ra5 19. Ra1 Bb5 20. Qg3 g6
21. Qf4 Qc6 22. Qxh6+ Kg8 23. Qe3 Kg7 24. h4 Rh8 25. Nf3 Kf8 26. Ng5 Ra8 27. Qf3 Qd7 28. g3 Qe7 29. Qf4 c5 30. Nf3 cxd4
31. Nxd4 Bd7 32. Nf3 Bc6 33. c4 dxc4 34. Qxc4 Bxf3+ 35. Kg1 Bd5 36. Qd4 Qc7 37. Rec1 Ra6 38. c4 Bb7 39. f4 Kg7 40. Ra2 Rd8
41. Qc3 Rd7 42. Kf1 Ra8 43. Ke1 Qc5 44. Rd1 Rxd1+ 45. Kxd1 Bd5 46. Rc2 Rd8 47. cxd5 Rxd5+ 48. Kc1 Qg1+ 49. Kb2 Rb5+ 50. Qb4 Rxb4+
51. axb4 Qxg3 52. Rc3 Qxf4 53. Ka3 Qxe5 54. Rc4 Qg3+ 55. Kxa4 g5 56. hxg5 Qxg5 57. Rc6 b5+ 58. Ka5 Qd5 59. Rb6 e5 60. Rxb5 Qxb5+
61. Kxb5=
1/2-1/2

[Event "Heading Towards Summer"]
[Site "SchemingMind.com"]
[Date "2023.08.04"]
[Round "-"]
[White "Arthur Wilding"]
[Black "Hisjazzrabbit"]
[Result "1/2-1/2"]
[WhiteCountry "WLS"]
[BlackCountry "FRA"]
[WhiteElo "1130"]
[WhiteRD "61"]
[BlackElo "1385"]
[BlackRD "102"]
[GameID "736107"]

1. d4 d5 2. e3 Nf6 3. Nc3 e6 4. Bb5+ c6 5. Bd3 g6 6. Nf3 Bg7 7. O-O O-O 8. b3 Qd6 9. Bb2 b5 10. a4 b4
11. Ne2 a5 12. c4 h6 13. cxd5 exd5 14. Nd2 Bg4 15. h3 Bc8 16. Kh1 Ra7 17. Re1 Ba6 18. Bxa6 Nxa6 19. Nf3 Ne4 20. Kg1 Raa8
21. Rc1 Rac8 22. Nd2 Ng5 23. Ng3 h5 24. e4 h4 25. Ne2 dxe4 26. Nxe4 Nxe4 27. Rc2 Qd5 28. Qd3 Nb8 29. Nf4 Qf5 30. Rxe4 Rfe8
31. Rxe8+ Rxe8 32. Bc1 Re1+ 33. Kh2 Bxd4 34. Qxf5 gxf5 35. f3 Kh7 36. Ne2 Bf2 37. g4 fxg4 38. hxg4 Kg8 39. Nf4 Bg3+ 40. Kg2 Kg7
41. Nh5+ Kg6 42. Nxg3 hxg3 43. Kxg3 f5 44. Kf2 Re6 45. gxf5+ Kxf5 46. Rc5+ Re5 47. Rxe5+ Kxe5 48. Ke3 Na6 49. f4+ Kf5 50. Bd2 Nc5
51. Bxb4 axb4 52. a5 Nxb3 53. a6 Nc5 54. a7 b3 55. a8=Q b2 56. Qf8+ Ke6 57. Qxc5 b1=Q= 58. Qxc6+ Kf5 59. Qd5+ Kg4 60. Qg5+ Kh3
61. Qh5+ Kg2 62. Qf3+ Kg1 63. Kd4 Qb2+ 64. Ke4 Qc2+ 65. Ke5 Qb2+ 66. Kf5 Qc2+ 67. Qe4 Qc8+ 68. Qe6 Qf8+= 69. Kg4 Qg7+ 70. Kf3 Qg2+=
1/2-1/2

[Event "Heading Towards Summer"]
[Site "SchemingMind.com"]
[Date "2023.08.04"]
[Round "-"]
[White "Hisjazzrabbit"]
[Black "ray winteringham"]
[Result "1-0"]
[WhiteCountry "FRA"]
[BlackCountry "ENG"]
[WhiteElo "1487"]
[WhiteRD "105"]
[BlackElo "1333"]
[BlackRD "48"]
[GameID "736108"]

1. e4 e5 2. Nf3 d6 3. d4 Bg4 4. Nc3 exd4 5. Qxd4 Bxf3 6. gxf3 a6 7. Qe3 Nf6 8. Nd5 Be7 9. Bh3 O-O 10. Bd2 Re8
11. O-O-O Nxd5 12. exd5 Bf6 13. Qa3 h6 14. f4 Nd7 15. Bxd7 Qxd7 16. f3 Qf5 17. Qb3 b6 18. Qc4 Qd7 19. Bc3 Bxc3 20. Qxc3 Qf5
21. Qxc7 Qxf4+ 22. Kb1
1-0

[Event "Heading Towards Summer"]
[Site "SchemingMind.com"]
[Date "2023.08.04"]
[Round "-"]
[White "ray winteringham"]
[Black "Hisjazzrabbit"]
[Result "0-1"]
[WhiteCountry "ENG"]
[BlackCountry "FRA"]
[WhiteElo "1333"]
[WhiteRD "48"]
[BlackElo "1487"]
[BlackRD "105"]
[GameID "736109"]

1. g3 d5 2. d4 Nf6 3. c4 e6 4. Bg2 c5 5. Nf3 Nc6 6. O-O dxc4 7. Nc3 cxd4 8. Na4 e5 9. b3 c3 10. Ne1 Nb4
11. Ba3 a5 12. e3 Qc7 13. Nc2 d3 14. Nxb4 axb4 15. Qxd3 bxa3 16. Nxc3 Rb8 17. Rfd1 Be6 18. Rac1 Qb6 19. Na4 Qd8 20. Nc5 Bxc5
21. Rxc5 Qxd3 22. Rxd3 Nd7
0-1